Zelda Majora's Mask - Personnage - Statistiques

Statistiques générales
  • Ce quiz a été pris 79 fois
  • Le résultat moyen est 38 sur 98
Statistiques - réponses
Par images Réponse % Correct
Epona
100%
Link
100%
Link
100%
Enfant de la Lune
93%
Skull Kid
90%
Masque de Majora
88%
Le vendeur du Bazar
72%
Vendeur de Haricots
72%
Tingle
67%
Facteur
64%
Taël
64%
Kafei
62%
Taya
62%
Anju
60%
Grande Fée
60%
Marchand d'âmes
59%
Princesse Mojo
59%
Roi Mojo
59%
Igor
57%
Vendeur de Masques
57%
Dieu-Démon
55%
Propriétaire de la Boutique de Bombes
55%
Vieille Femme de la Boutique des Bombes
55%
Géant de Bois-Cascade
53%
Géant de la Grande Baie
53%
Géant de la Vallée d'Ikana
53%
Géant du Pic des Neiges
53%
Kotake
52%
Koume
48%
Grand-Mère
47%
Romani
47%
Amoureux
45%
Banquier
45%
Darmani III
45%
Lulu
45%
Singe
45%
Jumeaux jongleurs
43%
Biggoron
41%
Mikau
41%
Garo
40%
Enfant de la Lune
38%
Majordome Mojo
38%
Enfant de la Lune
36%
Enfant de la Lune
36%
Frère Gorman
36%
Frère Gorman
36%
Grand Frère Castor
36%
Petit Frère Castor
36%
Gorman
34%
Kamaro
34%
Tortue Géante
34%
Baimol
33%
Enfant de la Lune
33%
Peste Marchande
33%
Cremia
31%
Dièse
31%
Grand Maître des Garos
31%
Guru-Guru
31%
Kaepora Gaebora
31%
Scientifique de la mer
31%
Guide touristique
29%
Mère d'Anju
29%
Pierre
29%
Sakon
29%
Fée Perdue
26%
Fils du Majordome
26%
Madame Aroma
24%
Pamela
24%
Ancêtre Goron
22%
Igos d'Ikana
22%
Pêcheur
22%
Homme maudit
19%
Jim
19%
Maire Dotour
19%
Père de Pamela
19%
Professeur Shikashi
19%
Toto
19%
Evan
17%
Gérante du mini-jeu
17%
Grog
17%
Maître d'armes
17%
Medigoron
17%
Mme Yan
17%
Shiro
17%
Fils de l'Ancêtre
16%
Judo Rosa
16%
Keaton
16%
Marilla Rosa
16%
Mutoh
16%
Réceptionniste
16%
Aveil
14%
Capitaine Viscen
14%
Crâne de Pierre
14%
Gabora
14%
Japas
12%
M.Barten
12%
Tijo
12%
Zubora
12%
Aucun quiz correspondant
Distribution des résultats
% des personnes avec chaque résultat
Percentile par nombre de réponses
Votre historique - résultats
Vous n’avez pas pris ce quiz